=LDR 00000nam 2200000 4500 =001 INLIS000000000024348 =005 20130612122936 =008 ***********************************Ind** =035 ##$$0010-061300000024348 =041 ##$$a Ind =082 ##$$a 2X6.4 =090 ##$$a 2X6.4, Mut h =100 ##$$a Mutharri, Murthada =245 ##$$a Gaya hidup wanita islam, Murthda Mutharri =260 ##$$a 1997 $b Bandung =300 ##$$a 192 hlm, 18 cm =650 ##$$a Wanita islam dan hijab =850 ##$$a NBPNMAT